Statistics for Blasphemous characters

Click here to take the quiz!

General Stats

  • This quiz has been taken 7 times
  • The average score is 11 of 33

Answer Stats

Peaceful NPCs% Correct
Crisanta of the Wrapped Agony
83%
Deogracias
83%
Esdras
83%
Penitent One
83%
Ten Piedad
83%
Escribar
67%
Exposito
67%
Our lady of the Charred Visage
67%
Perpetva
67%
Warden of the Silent Sorrow
67%
Cleofas
50%
Last Son of the Miracle
50%
Quirce
50%
Gemino
33%
Redento
33%
Amanecida of the Bejeweled Arrow
17%
Amanecida of the Chiselled Steel
17%
Amanecida of the Golden Blades
17%
Amanecida of the Molten Thorn
17%
Socorro
17%
Tirso
17%
Viridiana
17%
Altasgracias
0%
Blessed Lord of Salty Shores
0%
Candelaria
0%
Diosdado
0%
Holy Guardian Visages
0%
Jailed Ghost
0%
Jocinero
0%
Lady of the Six Sorrows
0%
Laudes, the First of the Amanecidas
0%
Lvdovico
0%
Tres Augustias
0%

Score Distribution

Percentile by Number Answered

Percent of People with Each Score

Your Score History

You have not taken this quiz